000 00605nam a22001937a 4500
005 20251108172235.0
008 250721s2000 xx 000 0 ara d
082 1 4 _a210.7/مسع
100 1 _aالسعيد، عبد الله عبد الرزاق
245 1 0 _aالإسلام و مؤسساته التعليمية الطبية /
264 1 _aعمان :
_bدار عمار للنشر و التوزيع،
_c2000.
300 _a132ص
650 1 7 _aالإسلام
650 1 7 _aالتربية
650 1 7 _aالمؤسسات التربوية
650 1 7 _aالطب
942 _2ddc
_cBK
999 _c74000
_d74000